000 01811nam0a2200277 4500
001 RU\NLR\bibl\968073
005 20260407053411.0
021 _aRU
_b2006-35162
_91757
035 _a(NLR Aleph) 000956049
090 _a309845
_c309845
100 _a20060717d2005 |||y0rusy50 ca
101 0 _arus
102 _aRU
105 _ay |||||||||
200 1 _aХронические миелопролиферативные заболевания. Классификация, диагностика, лечение
_eпособие для студентов IV, V, VI курсов, интернов, клинических ординаторов и врачей
_fС.-Петерб. гос. мед. ун-т им. акад. И.П. Павлова Федер. агентства по здравоохранению и социал. развитию, Каф. фак. терапии с курсом эндокринологии
_g[д.м.н., проф. С.И. Моисеев и др.]
210 _aСанкт-Петербург
_cИзд-во СПбГМУ
_d2005
215 _a52 с.
_d20
606 1 _aМиелопролиферативные болезни
_jРуководства, пособия и т.п.
_91174270
_3RU\NLR\auth\66471624
686 _aР411.022я7
702 1 _4220
_8rus
_7ca
_aМоисеев
_bС. И.
_cд-р мед. наук
_gСергей Иванович
_3RU\NLR\auth\7753620
_936552
712 0 2 _4570
_aСанкт-Петербургский государственный медицинский университет им. И. П. Павлова
_bКафедра факультетской терапии с курсом эндокринологии
_3RU\NLR\AUTH\8810023328
_9544663
801 0 _aRU
_bNLR
_c20060717
_grcr
801 1 _aRU
_bNLR
_c20060717
942 _cBOOK
980 _aNB